000
00273nam a22001217a 4500
020
_a
0-246-10944-0
082
_a
927 ALI'G
100
_a
ALI, MUHAMMAD
_9
19316
245
_a
THE GREATEST MY OWN STORY
260
_a
LONDON
_b
HART DAVIS
_c
1976
300
_a
378P
942
_c
BK
999
_c
582979
_d
582979